Become the real deal : The proven path to influence and executive presence
Presents advice for improving personal influence by becoming, and being seen as being, the "real deal," or a person with the genuine leadership qualities of inner presence, verbal presence, and outer presence.
Saved in:
| Main Author: | |
|---|---|
| Format: | Book |
| Language: | Undetermined |
| Published: |
Hoboken
New Jersey John Wiley & Sons, Inc.
2013
|
| Subjects: | |
| Tags: |
Add Tag
No Tags, Be the first to tag this record!
|
| Institutions: | Trung tâm Học liệu Trường Đại học Cần Thơ |
|---|
| LEADER | 00805nam a2200217Ia 4500 | ||
|---|---|---|---|
| 001 | CTU_206727 | ||
| 008 | 210402s9999 xx 000 0 und d | ||
| 020 | |c 18.75 | ||
| 082 | |a 658.409 | ||
| 082 | |b D559 | ||
| 100 | |a Dieken, Connie | ||
| 245 | 0 | |a Become the real deal : | |
| 245 | 4 | |b The proven path to influence and executive presence | |
| 245 | 0 | |c Connie Dieken | |
| 260 | |a Hoboken | ||
| 260 | |b New Jersey John Wiley & Sons, Inc. | ||
| 260 | |c 2013 | ||
| 520 | |a Presents advice for improving personal influence by becoming, and being seen as being, the "real deal," or a person with the genuine leadership qualities of inner presence, verbal presence, and outer presence. | ||
| 650 | |a Leadership,Lãnh đạo | ||
| 904 | |i Hải | ||
| 980 | |a Trung tâm Học liệu Trường Đại học Cần Thơ | ||